000 00920nas a2200289 4500
001 BR2014008182
003 BR-BrBNA
005 20231205124906.0
007 ta
008 230509b bl.|||p| |||| 00| 00por d
040 _aBR-BrBNA
_bpor
_cBiblioteca Nacional de Agricultura
041 _a(En)
072 _aL02; L20
100 1 _aSilva, A.R. da
100 1 _aForneck, E.D.
100 1 _aBordignon, S.A. de L.
100 1 _aCademartori, C.V.
245 1 _aDiet of Didelphis albiventris Lund, 1840 (Didelphimorphia, Didelphidae)in two periurban areas in southern Brazil
650 _aGAMBA
650 _aANIMAL SELVAGEM
650 _aHABITO ALIMENTAR
650 _aDIETA
650 _aVARIAÇÃO SAZONAL
773 0 _tActa Scientiarum. Biological Science (Brazil)
_xISSN 1679-9283
_g(Apr-Jun 2014), v. 36(2) p. 241-247
_wBR2014008182
909 _a202311
_bLúcia
_c55
_dLúcia Elande
942 _2AGRIS
_n0
_cANA
999 _c241462
_d241462